• 首页
  • 本馆介绍
  • 公告通知
  • 最新文献
  • 馆藏检索
  • 电子资源
  • 读者导购
  • 参考咨询
  • 我的图书馆
  • 登录
  • 详细信息显示
  • 放入我的书架
  • 预约/预借图书
  • 作者相关作品
  • 分类相关作品
  • 丛书相关作品
  • 出版社相关作品

书目信息

  • 表格格式
  • 工作单格式
  • 卡片格式
题名:
梦溪笔谈 下
    
 
作者: 沈括 著 ;堵军 编校
分册:  
出版信息: 北京   中央民族大学出版社  2002.07
页数: 281-597页
开本: 21cm
丛书名:
单 册:
中图分类: Z429.441
科图分类:
主题词: 笔记--中国--北宋
电子资源:
ISBN: 7-81056-661-X
000 00910nam0 2200325 450
001 073000001805
005 20040224165815.0
010    @a7-81056-661-X@dCNY22.50
099    @aCAL 012004065899
100    @a20040224d2002 em y0chiy0121 ea
101 1  @achi
102    @aCN@b110000
105    @ay z 000yy
200 1  @a梦溪笔谈 下@Ameng xi bi tan xia@f(北宋)沈括著@g堵军编校
210    @a北京@c中央民族大学出版社@d2002.07
215    @a281-597页@d21cm
300 2  @a中华五千年@i百科精述
410  0 @12001 @a中华五千年
410  0 @12001 @a百科精述
606    @a笔记@y中国@z北宋
690    @aZ429.441@v4
701  0 @a沈括@AShen Kuo@4著
702  0 @a堵军@ADu Jun@4编校
801  2 @aCN@bHX@c20040224
905    @aBZT@dZ429.441@e1-2
920    @a244180@z1
920    @a237040@z1
920    @a241420@z1
998    @aSCNU
999    @tC@Axiuxia@a20040224 16:58:13@Ixiuxia@i20040224 16:58:15
    
    梦溪笔谈 下/(北宋)沈括著/堵军编校.-北京:中央民族大学出版社,2002.07
    281-597页;21cm
    中华五千年
    
    ISBN 7-81056-661-X:CNY22.50
    
●
相关链接 在五车中查询图书 在当当中查询图书 在豆瓣中查询图书


正题名:梦溪笔谈 下     索取号:Z429.441/1-2         预约/预借

序号 登录号 条形码 馆藏地/架位号 状态 备注
1 422101   210486561   中心书库北库/ 北库039架B面3列2层31/ [索取号:Z429.441/1-2] 在馆    
2 422102   210486552   中心书库北库/ 北库039架B面3列2层32/ [索取号:Z429.441/1-2] 在馆    
3 422103   210486641   中心书库北库/ 北库039架B面3列2层38/ [索取号:Z429.441/1-2] 在馆    
4 422104   210486632   中心书库北库/ 北库039架B面3列2层36/ [索取号:Z429.441/1-2] 在馆    
5 422105   210486623   中心书库北库/ 北库039架B面3列2层37/ [索取号:Z429.441/1-2] 在馆    
6 422106   210486614   中心书库北库/ 北库039架B面3列2层34/ [索取号:Z429.441/1-2] 在馆    
7 422107   210486605   中心书库北库/ 北库039架B面3列2层35/ [索取号:Z429.441/1-2] 在馆    
8 422108   210486598   中心书库北库/ 北库039架B面3列2层33/ [索取号:Z429.441/1-2] 在馆    
9 422109   210486589   中心书库北库/ 北库039架B面3列2层39/ [索取号:Z429.441/1-2] 在馆    
10 422110   210486570   中心书库北库/ 北库039架A面1列6层1/ [索取号:Z429.441/1-2] 在馆    
山东省滨州职业学院图书馆 欢迎您!
大连网信软件有限公司© 版权所有